Gestión ambiental, serie ISO 14000
Salvato in:
| Autore principale: | |
|---|---|
| Natura: | Libro |
| Lingua: | spagnolo |
| Pubblicazione: |
Bogotá
ICONTEC
2001
|
| Edizione: | 2a. ed |
| Soggetti: | |
| Tags: |
Aggiungi Tag
Nessun Tag, puoi essere il primo ad aggiungerne!!
|
MARC
| LEADER | 00000nam a2200000 a 4500 | ||
|---|---|---|---|
| 001 | UCL7264 | ||
| 003 | CL-VaPUC | ||
| 008 | 040514e20010000CK |||||||||||||||||spa|d | ||
| 020 | |a 9589383246 | ||
| 082 | 0 | 4 | |a 363.7 |b GRA |2 21 |
| 100 | 0 | |a Gracia Díaz, Juan Alberto |e author |9 485141 | |
| 245 | 1 | 0 | |a Gestión ambiental, serie ISO 14000 |
| 250 | |a 2a. ed | ||
| 300 | |a 94 p | ||
| 942 | |c BK | ||
| 945 | |d 20040514 00:00:00 |a cmena | ||
| 260 | |a Bogotá |b ICONTEC |c 2001 | ||
| 650 | 0 | |a Gestión ambiental |9 338121 | |
| 650 | 0 | |a Planificación estratégica |9 259735 | |
| 650 | 0 | |a Medio ambiente |9 257625 | |
| 650 | 7 | |a ISO 14000 |2 CL-VaPUC |9 485142 | |
| 583 | |a last modification |c 20040514 00:00:00 |k Rodrigo Vera | ||
| 999 | |c 309112 |d 309110 | ||